Responses for show #4135 - Friday, July 19, 2002

Last game of Season 18.

(Sarah: If you like San Francisco, we've got a treat for you. Stay tuned for Jeopardy!)

Contestants

[<< previous game]

Lauren Kostas, a management consultant from Chicago, Illinois

David Bitkower, a judicial law clerk from New York, New York

Ron Ellison, a graduate student from Yardley, Pennsylvania (whose 1-day cash winnings total $23,962)

[next game >>]

Jeopardy! Round responses

THE HISTORY CHANNEL
(Alex: It's all about the Grand Canyon shows which will be airing on the History Channel very soon.)
ACTRESSES
CONTAINERS
FAIRY TALES
20th CENTURY BUSINESS
COLOR MY WORLD
    $200 11
mules

Ron
    $200 12
Gwyneth Paltrow

Ron
    $200 22
an ark

Ron
    $200 1
Snow White

David
    $200 17
Ford

David
    $200 2
red

Triple Stumper
    $400 27
the Colorado River

Ron
    $600 13
(Ron: What is [*]?)
(Alex: Why are you laughing?)
(Ron: It's my favorite show.)
(Alex: It is? Okay! It's the luck of the draw, and it worked out. Aren't you sorry you didn't risk more?)

General Hospital

Ron
    $400 23
(David: What is a pint?)

a pitcher

RonDavid
    $400 7
Cinderella

David
    $400 18
(Lauren: What is [*]?)
(Alex: The San Francisco treat, yes indeed.)

Rice-a-Roni

Lauren
    $400 3
the Red Sea

Ron
    $600 28
(Brett) Harvey

Ron
    $600 14
Shannen Doherty

Triple Stumper
    $600 24
a bunker

Triple Stumper
    $600 8
Goldilocks

David
    $600 19
Huggies

Ron
    $600 4
Red

David
    $800 29
erosion

Lauren
    $800 15
Elizabeth Taylor

Lauren
    $800 25
[Following this clue, Alex erroneously goes to David for the next selection instead of Ron.]

ph

Triple Stumper
    $800 9
Hansel & Gretel

Ron
    $800 20
Swanson

David
    $800 5
red

Ron
    $1000 30
(Alex: And his name was [*], hence, Lake Powell.)

John Wesley Powell

Triple Stumper
    $1000 16
Lolita

David
    $1000 26
(David: What's an easel?)
---
(Alex: [*] is right, and I'm glad you came up with that correct response, because a few moments ago, in error, I went to David and got him to make the selection instead of you. So we're back on track, Ron.

a portfolio

RonDavid
    $1000 10
Rapunzel

David
    $1000 21
Bradstreet

Ron
    $1000 6
(Lauren: What is red?)
---
(Alex: Caught you on the last one. Sorry Lauren.)

white

RonLauren

Scores at the first commercial break (after clue 15):

Ron David Lauren
$4,000 $2,800 -$200

Scores at the end of the Jeopardy! Round:

Ron David Lauren
$8,200 $3,400 $1,000

Double Jeopardy! Round responses

(Alex: Since this is the last show of our 18th season, we're going to have...)
SEASON FINALES
IT'S BEEN FUN
SO LONG
BE WELL
TAKE IT "EZ"
(Alex: "E-Z" will appear in each correct response.)
WE'RE NOT GOING FAR
(Alex: ...because throughout the summer, you, the viewers, will be enjoying some of our tournaments from this past season.)
    $400 1
The X-Files

Ron
    $400 6
New Orleans

Lauren
    $400 11
a pyramid

Lauren
    $400 16
blood

Lauren
    $400 21
(Alex: That was Jimmy and Sofia, by the way.)
[Audience laughter]
(Alex: Maybe not.)

trapeze

David
    $400 22
Ottawa

Lauren
    $800 2
Dr. Quinn, Medicine Woman

Triple Stumper
    $800 7
Space Mountain

Ron
    $800 12
iron

Ron
    $800 17
(David: What is the back?)
(Alex: Be more specific.)
(David: The [*]?)

spine

David
    $800 24
the mezzanine

David
    $800 23
(Alex: Minute to go.)

San Diego

David
    $1200 3
Melrose Place

David
    $1200 8
the Metropolitan Museum of Art

David
    $5,000 13
(Ron: Who is Henry IV?)
---
(Alex: No! Right name, wrong number. Go 2 beyond. [*] Part I, Part II, and Part I-I-I.)

Henry VI

Ron
    $1200 18
(Alex: Checking the pupils with [*], stuff like that.)

a flashlight (ophthalmoscope)

Triple Stumper
    $1200 25
the Exxon Valdez

Lauren
    $3,000 30
(Ron: What is Cuba?)
---
(Oh no. Right across the Bering Strait, you'll find [*].)

Russia

Ron
    $1600 4
(Alex: You watched the show. All right.)

Deep Space Nine

Lauren
    $1600 9
(Lauren: What is Oregon?)

Idaho

RonLauren
    $1600 14
Chou

David
    $1600 19
(Lauren: What is a [*] joint?)
(Alex: [*], ball and socket, we'll accept that.)

ball (and socket)

Lauren
    $1600 27
(Cesar) Chavez

David
    $1600 28
Nevada

Lauren
    $2000 5
Chicago Hope

Ron
    $2000 10
the Bellagio

Triple Stumper
    $2000 15
(Ron: What is Japan?)

Iceland

RonLauren
    $2000 20
tarsal tunnel syndrome

Triple Stumper
    $2000 26
klezmer

David
    $2000 29
the Bahamas

Ron

Scores at the end of the Double Jeopardy! Round:

Ron David Lauren
$5,800 $13,800 $9,000

[wagering suggestions for these scores]

Final Jeopardy! Round responses

FAMOUS AMERICANS
(Alex: The reference to "under this roof" applied, of course, to the White House, so it was probably said by a President, and let's hope you were going down that road. And Ron is shaking his head. He did not go down that road. He went gently into what?)
...
(Alex: [To Lauren] Nope, not in 1800.)
...
(Alex: No, the correct response, "Who is [*]?", as he was moving into the White House.)
RonWho is O.wHolmes
$4,000
LaurenWho is John George Washington?
$3,601
DavidWho is Cotton Mather??
$4,201
John Adams

Final scores:

Ron David Lauren
$1,800 $9,599 $5,399
3rd place: $1,000 New champion: $9,599 2nd place: $2,000

Game dynamics:

Coryat scores:

Ron David Lauren
$13,600 $13,800 $9,000
20 R
(including 1 DD),
3 W
(including 2 DDs)
17 R,
2 W
12 R,
2 W

Combined Coryat: $36,400

The J! Archive is created by fans, for fans. The Jeopardy! game show and all elements thereof, including but not limited to copyright and trademark thereto, are the property of Jeopardy Productions, Inc. and are protected under law. This website is not affiliated with, sponsored by, or operated by Jeopardy Productions, Inc. Join the discussion at JBoard.tv.